Sports Quiz

Random Sports Quiz
Score 0/50 Timer 09:00
0 Plays Today
Rank Athlete % Correct
1Tiger Woods
99.5%
3LeBron James
97.2%
7Kobe Bryant
93.5%
2Phil Mickelson
93.1%
4Alex Rodriguez
92.6%
9Derek Jeter
84.7%
12Dwayne Wade
84.7%
10Peyton Manning
81.5%
43Eli Manning
81%
5Shaquille O'Neal
80.1%
6Kevin Garnett
75.9%
20Jermaine O'Neal
72.7%
28 (tie)Tom Brady
72.7%
24Paul Pierce
69.9%
13Dwight Howard
66.2%
39Ryan Howard
65.3%
21Jeff Gordon
64.8%
11Dale Earnhardt Jr.
63.4%
25Carmelo Anthony
63.4%
27Ray Allen
61.1%
16Tim Duncan
57.4%
34 (tie)Albert Pujols
57.4%
18CC Sabathia
52.8%
8Allen Iverson
49.1%
32Amar'e Stoudemire
45.8%
Rank Athlete % Correct
15Tracy McGrady
44.4%
23Vince Carter
41.7%
14Mark Teixeira
38.4%
30Rashard Lewis
37%
19Jason Kidd
36.1%
34 (tie)David Ortiz
36.1%
45Antonio Smith
36.1%
47Ben Roethlisberger
28.7%
26Barry Zito
22.7%
37 (tie)A.J. Burnett
20.8%
17Stephon Marbury
18.5%
31Shawn Marion
14.8%
42Michael Redd
14.8%
48 (tie)Jason Brown
13.4%
37 (tie)Todd Helton
12.5%
41Jim Furyk
12.5%
28 (tie)Torii Hunter
10.2%
50Lance Berkman
8.8%
36Julius Peppers
8.3%
33Matt Schaub
7.4%
46Mike Bibby
7.4%
48 (tie)Derek Lowe
6.9%
22Steve Francis
5.1%
40Dwight Freeney
3.7%
44Jason Schmidt
3.2%
Remove Ads.
Support Sporcle.
Get the best of Sporcle when you Go Orange. This ad-free experience offers more features, more stats, and more fun while also helping to support Sporcle. Thank you for becoming a member.

You're not logged in!

Compare scores with friends on all Sporcle quizzes.
OR
Log In

Show Comments

Extras

Top Quizzes Today


Score Distribution

Your Account Isn't Verified!

In order to create a playlist on Sporcle, you need to verify the email address you used during registration. Go to your Sporcle Settings to finish the process.

Report this User

Report this user for behavior that violates our Community Guidelines.

Details: